B48_東京から見て東にある市区町村 - Statistics

General Stats
  • This quiz has been taken 19 times
  • The average score is 17 of 20
Answer Stats
東京
からの
方位角
東京
からの
距離
都道府県 種類 市区町村名 % Correct
81.4 20.8 千葉県 市川市
100%
89.7 25.3 千葉県 船橋市
100%
80.5 56.4 千葉県 成田市
100%
87.1 101.7 千葉県 銚子市
100%
89.8 4.5 東京都 特別区 千代田区
94%
93.4 42.2 千葉県 四街道市
94%
85.9 47.2 千葉県 佐倉市
94%
84.5 15.0 東京都 特別区 江戸川区
89%
92.6 29.3 千葉県 習志野市
89%
93.0 55.7 千葉県 八街市
89%
92.2 72.6 千葉県 横芝光町
83%
88.6 77.9 千葉県 匝瑳市
83%
88.1 85.5 千葉県 旭市
83%
84.8 36.0 千葉県 八千代市
78%
86.0 51.3 千葉県 酒々井町
78%
89.9 64.3 千葉県 芝山町
72%
98.7 65.1 千葉県 山武市
72%
85.9 69.3 千葉県 多古町
67%
86.2 58.0 千葉県 富里市
61%
79.4 88.7 千葉県 東庄町
61%
No matching quizzes found
Score Distribution
Percent of People with Each Score
Percentile by Number Answered
Your Score History
You have not taken this quiz